Ścieżka żywej wody

Jazyk: Polština
Vydáno: Jeseník : Hnutí Brontosaurus Jeseníky, 2010
Témata:
Fyzický popis: 27 s. : il. (některé barev.), 1 mapa ; 16 cm
Knihy
Uloženo v:
LEADER 01593nam a2200433 a 4500
001 nkc20122388625
003 CZ PrNK
005 20160122085310.0
007 ta
008 120802s2010 xr ab e f 000 0 pol
015 |a cnb002388625 
020 |a 978-80-260-2795-9  |q (v knize neuvedeno :  |q brož.) 
035 |a (OCoLC)815382164 
040 |a ABA001  |b cze 
041 1 |a pol  |h cze 
043 |a e-xr---  |b e-xr-ol  |2 czenas 
072 7 |a 502  |x Životní prostředí a jeho ochrana  |2 Konspekt  |9 2 
080 |a 502.2:625.711.6  |2 MRF 
080 |a (437.325)  |2 MRF 
080 |a (036)  |2 MRF 
245 0 0 |a Ścieżka żywej wody 
260 |a Jeseník :  |b Hnutí Brontosaurus Jeseníky,  |c 2010 
300 |a 27 s. :  |b il. (některé barev.), 1 mapa ;  |c 16 cm 
500 |a Přeloženo z češtiny? 
500 |a Název z obálky 
500 |a Vydáno v rámci projektu "Horskou stezkou Vincenze Priessnitze jesenicko-nyským pohraničím" 
650 0 7 |a naučné stezky  |7 ph115423  |z Česko  |2 czenas 
650 0 9 |a nature and education trails  |z Czechia  |2 eczenas 
655 7 |a průvodce  |7 fd133154  |2 czenas 
655 9 |a guidebooks  |2 eczenas 
651 7 |a Jeseník (Česko : oblast)  |7 ge129454  |2 czenas 
651 7 |a Stezka živé vody (Česko : naučná stezka)  |7 ge718386  |2 czenas 
651 9 |a Jeseník Region (Czechia)  |2 eczenas 
651 9 |a Stezka živé vody (Czechia : education trail)  |2 eczenas 
910 2 |a BOA001  |b 1-1330.499 
990 |a BK 
995 |a 01 
991 |b 201409  |c NOV  |e n 
996 6 |b 2610604005  |c 1-1330.499  |l MZK  |r Sklad / do 1 hodiny  |n 0  |p p.v.  |w 001453458  |u 000010  |a 1  |e BOA001  |j MZK50  |s P